Т. 3: Путевые картины; Собрание сочинений

Detalhes bibliográficos
Parent link:Собрание сочинений: в 6 т./ Г. Гейне; под общей ред. А. Дмитриева, А. Карельского, Е. Книпович. Т. 3: Путевые картины.— , 1980-
Outros Autores: Рудницкий М. (автор предисловия)
Idioma:russo
Publicado em: 1982
Assuntos:
Formato: MixedMaterials Livro
KOHA link:https://koha.lib.tpu.ru/cgi-bin/koha/opac-detail.pl?biblionumber=166601

MARC

LEADER 00000nam2a2200000 4500
001 166601
005 20231101222632.0
035 |a (RuTPU)RU\TPU\book\180714 
035 |a RU\TPU\book\180710 
090 |a 166601 
100 |a 20091005d1982 m y0rusy50 ca 
101 1 |a rus  |c ger 
102 |a RU 
105 |a a z 001ay 
200 0 |a Т. 3: Путевые картины  |f авт. комментарий М. Рудницкий 
210 |d 1982 
215 |a 486 с.  |c ил. 
320 |a Комментарии: с. 435-483 
461 1 |0 (RuTPU)RU\TPU\book\180707  |t Собрание сочинений  |o в 6 т.  |o пер. с нем.  |f Г. Гейне  |g под общей ред. А. Дмитриева, А. Карельского, Е. Книпович  |v Т. 3: Путевые картины  |d 1980- 
606 1 |a Немецкая литература  |2 stltpush  |3 (RuTPU)RU\TPU\subj\45368  |9 64612 
610 1 |a Германия 
610 1 |a поэзия 
675 |a 83  |v 3 
702 1 |a Рудницкий  |b М.  |4 080 
801 1 |a RU  |b 63413507  |c 20091005 
801 2 |a RU  |b 63413507  |c 20221208  |g RCR 
942 |c BK